<?xml version="1.0" encoding="UTF-8"?>
<marc:record xmlns:marc="http://www.loc.gov/MARC21/slim">
   <marc:leader>00000nam a2200000 a 4500</marc:leader>
   <marc:datafield ind1="1" ind2=" " tag="100">
      <marc:subfield code="a">Pullman, Philip</marc:subfield>
      <marc:subfield code="4">aut</marc:subfield>
      <marc:subfield code="e">Verfasser/-in</marc:subfield>
   </marc:datafield>
   <marc:datafield ind1="0" ind2="0" tag="245">
      <marc:subfield code="a">Das magische Messer</marc:subfield>
   </marc:datafield>
   <marc:datafield ind1="0" ind2="0" tag="245">
      <marc:subfield code="b">2. Band</marc:subfield>
   </marc:datafield>
   <marc:datafield ind1=" " ind2="1" tag="264">
      <marc:subfield code="b">Heyne</marc:subfield>
      <marc:subfield code="c">1997</marc:subfield>
   </marc:datafield>
   <marc:datafield ind1="1" ind2=" " tag="520">
      <marc:subfield code="a">Mit dem "Magischen Messer" legt Philip Pullman den zweiten Band seiner Fantasy-Trilogie vor, die Erwachsene wie Jugendliche gleichermaßen in ihren Bann zieht. Lyra, die tapfere Heldin aus dem ersten Band "Der Goldene Kompaß", und ihr zwölfjähriger Freund Will geraten mitten hinein in einen erbitterten Kampf zwischen Hexenclans und Engeln, seelenlosen Kriegern und gesichtslosen Schattenwesen. 

</marc:subfield>
   </marc:datafield>
   <marc:datafield ind1=" " ind2=" " tag="020">
      <marc:subfield code="a">9783453152274</marc:subfield>
      <marc:subfield code="9">9783453152274</marc:subfield>
   </marc:datafield>
</marc:record>
